[Event "Vecindario Montalvo Memorial 15th"]
[White "Matos Espino, Carlos Silverio"]
[Black "Pace, Gabriele"]
[Site "Vecindario"]
[Round "2"]
[Result "1-0"]
[Date "2023.04.02"]
[WhiteElo "1444"]
[BlackElo "1645"]
[PlyCount "58"]
[EventDate "2023.04.02"]
[EventType "swiss"]
[EventRounds "9"]
[EventCountry "ESP"]
[SourceTitle "CBM 213 Extra"]
[Source "ChessBase"]
[SourceDate "2023.05.31"]
[SourceVersion "1"]
[SourceVersionDate "2023.05.31"]
[SourceQuality "1"]

1. e4 c5 2. Nf3 d6 3. d4 cxd4 4. Nxd4 Nf6 5. Nc3 a6 6. Be3 Ng4 7. Bc4 Ne5 8. Bb3 e6 9. f4 Nec6 10. Nf3 Be7 11. 0-0 Na5 12. Na4 Nxb3 13. cxb3 Nd7 14. f5 exf5 15. exf5 b5 16. Nc3 Nf6 17. Nd5 Nxd5 18. Qxd5 Bd7 19. Ng5 0-0 20. Ne4 Re8 21. Bd4 Rc8 22. f6 gxf6 23. Rxf6 Bxf6 24. Nxf6+ Kf8 25. Nxh7+ Kg8 26. Nf6+ Kf8 27. Qg5 Re6 28. Qh6+ Ke7 29. Nd5+ Ke8 1-0

[Event "Vecindario Montalvo Memorial 14th"]
[White "Pace, Gabriele"]
[Black "Broeder, Hans Gert"]
[Site "Vecindario"]
[Round "8"]
[Result "0-1"]
[Date "2022.09.10"]
[WhiteElo "1657"]
[BlackElo "1818"]
[PlyCount "126"]
[EventDate "2022.09.04"]
[EventType "swiss"]
[EventRounds "9"]
[EventCountry "ESP"]
[SourceTitle "CBM 210 Extra"]
[Source "ChessBase"]
[SourceDate "2022.11.30"]
[SourceVersion "1"]
[SourceVersionDate "2022.11.30"]
[SourceQuality "1"]

1. d4 d5 2. Bf4 c6 3. c3 Nf6 4. e3 Bg4 5. Nf3 Nbd7 6. Nbd2 Nh5 7. h3 Nxf4 8. hxg4 Ng6 9. Bd3 e6 10. Qc2 Ne7 11. Rxh7 Rxh7 12. Bxh7 Qa5 13. Nb3 Qa4 14. Bd3 b5 15. Nc1 Qa5 16. Qd2 Nc8 17. Nb3 Qb6 18. a4 bxa4 19. Nc1 Rb8 20. Rxa4 Qxb2 21. Bc2 Qb7 22. Nd3 Nd6 23. Nde5 Nb6 24. Ra1 Ndc4 25. Qc1 Qc7 26. Bd3 Nxe5 27. Nxe5 Bd6 28. f4 Bxe5 29. dxe5 Ra8 30. Ba6 Kd7 31. Kf2 Rh8 32. Qa3 Ra8 33. Rh1 Rg8 34. Qc5 Na4 35. Qd4 Nb6 36. Qd3 Ke7 37. g5 Na4 38. Qd4 Nb6 39. Qc5+ Kd8 40. Rh7 Nd7 41. Qd4 Qb6 42. Qxb6+ axb6 43. Bd3 Ke7 44. Kf3 Nc5 45. Bc2 Nd7 46. e4 c5 47. exd5 exd5 48. Bb3 Ke6 49. g4 c4 50. Ba4 Nc5 51. Bc2 b5 52. Ke3 g6 53. Kd4 Nb3+ 54. Bxb3 cxb3 55. Kc5 Rc8+ 56. Kb4 b2 57. Rh1 d4 58. cxd4 Rc1 59. f5+ Kd5 60. Rh8 b1Q+ 61. Ka5 Qa1+ 62. Kb6 Rc6+ 63. Kxb5 Qa6+ 0-1

[Event "Vecindario Montalvo Memorial 14th"]
[White "Pace, Gabriele"]
[Black "Ramos Santana, Marcelino"]
[Site "Vecindario"]
[Round "6"]
[Result "0-1"]
[Date "2022.09.08"]
[WhiteElo "1657"]
[BlackElo "1869"]
[PlyCount "52"]
[EventDate "2022.09.04"]
[EventType "swiss"]
[EventRounds "9"]
[EventCountry "ESP"]
[SourceTitle "CBM 210 Extra"]
[Source "ChessBase"]
[SourceDate "2022.11.30"]
[SourceVersion "1"]
[SourceVersionDate "2022.11.30"]
[SourceQuality "1"]

1. d4 Nf6 2. Bf4 e6 3. e3 d5 4. Nd2 Bd6 5. Bg3 c5 6. c3 0-0 7. Ngf3 b6 8. Ne5 Bb7 9. Bd3 Qc7 10. 0-0 Nc6 11. f4 Ne7 12. Bh4 Ne4 13. Bxe7 Qxe7 14. Rf3 f6 15. Ng4 e5 16. f5 Nxd2 17. Qxd2 e4 18. Rh3 exd3 19. Qxd3 Rae8 20. Rf1 Qe4 21. Qe2 cxd4 22. cxd4 Qxd4 23. Rh4 Qc5 24. Nxf6+ Rxf6 25. Qh5 Qxe3+ 26. Kh1 Rh6 0-1

[Event "Vecindario Montalvo Memorial 14th"]
[White "Garcia Rodriguez, Adriana"]
[Black "Pace, Gabriele"]
[Site "Vecindario"]
[Round "5"]
[Result "0-1"]
[Date "2022.09.07"]
[WhiteElo "1445"]
[BlackElo "1657"]
[PlyCount "90"]
[EventDate "2022.09.04"]
[EventType "swiss"]
[EventRounds "9"]
[EventCountry "ESP"]
[SourceTitle "CBM 210 Extra"]
[Source "ChessBase"]
[SourceDate "2022.11.30"]
[SourceVersion "1"]
[SourceVersionDate "2022.11.30"]
[SourceQuality "1"]

1. e4 c5 2. c3 d6 3. d4 b6 4. Nf3 Bb7 5. Bb5+ Nd7 6. Qa4 a6 7. Bxd7+ Qxd7 8. Qxd7+ Kxd7 9. Nbd2 b5 10. dxc5 dxc5 11. Nb3 e6 12. Ne5+ Ke8 13. f3 f6 14. Ng4 Rd8 15. Be3 c4 16. Nc5 Bc8 17. b4 h5 18. Nf2 Nh6 19. Ke2 Bd6 20. f4 Ke7 21. Rad1 Ng4 22. Nxg4 hxg4 23. g3 Ke8 24. a4 Bxc5 25. Rxd8+ Kxd8 26. Bxc5 bxa4 27. Rd1+ Kc7 28. Bg1 Bd7 29. e5 Ra8 30. Kd2 a5 31. Kc2 axb4 32. cxb4 Bc6 33. Bd4 f5 34. Ba1 Bd5 35. Kc3 Kb6 36. Kc2 Kb5 37. Bc3 Rh8 38. Rd2 g5 39. Kb2 gxf4 40. gxf4 Rh3 41. Re2 a3+ 42. Kc2 a2 43. Re1 Rxh2+ 44. Bd2 Be4+ 45. Kd1 a1Q+ 0-1

[Event "Vecindario Montalvo Memorial 14th"]
[White "Camino Carrio, Nicanor"]
[Black "Pace, Gabriele"]
[Site "Vecindario"]
[Round "3"]
[Result "1-0"]
[Date "2022.09.05"]
[WhiteElo "1921"]
[BlackElo "1657"]
[PlyCount "49"]
[EventDate "2022.09.04"]
[EventType "swiss"]
[EventRounds "9"]
[EventCountry "ESP"]
[SourceTitle "CBM 210 Extra"]
[Source "ChessBase"]
[SourceDate "2022.11.30"]
[SourceVersion "1"]
[SourceVersionDate "2022.11.30"]
[SourceQuality "1"]

1. e4 c5 2. Nc3 d6 3. Nf3 Nc6 4. d4 cxd4 5. Nxd4 Nf6 6. Bc4 Bd7 7. Be3 e6 8. Qe2 Be7 9. 0-0-0 a6 10. Rhg1 b5 11. Bb3 Na5 12. a3 Nxb3+ 13. Nxb3 Qc7 14. g4 d5 15. exd5 Nxd5 16. Nxd5 exd5 17. Bc5 Be6 18. Bxe7 Qxe7 19. f4 f6 20. Rge1 Kf7 21. f5 Rhe8 22. fxe6+ Kg8 23. Rxd5 b4 24. axb4 Qxb4 25. Qe4 1-0

[Event "Gran Canaria Cabildo Cup"]
[White "Pace, Gabriele"]
[Black "Diaz Mendoza, Eladio"]
[Site "Gran Canaria"]
[Round "6"]
[Result "1-0"]
[Date "2022.04.14"]
[WhiteElo "1709"]
[BlackElo "1528"]
[PlyCount "110"]
[EventDate "2022.04.10"]
[EventType "swiss"]
[EventRounds "7"]
[EventCountry "ESP"]
[SourceTitle "CBM 207 Extra"]
[Source "ChessBase"]
[SourceDate "2022.05.31"]
[SourceVersion "1"]
[SourceVersionDate "2022.05.31"]
[SourceQuality "1"]

1. d4 g6 2. Bf4 Bg7 3. Nc3 d5 4. e3 c6 5. Be2 Nf6 6. h4 Nbd7 7. Nf3 h6 8. Ne5 Qb6 9. a3 Qxb2 10. Na4 Qxa1 11. Qxa1 b5 12. Nxd7 Nxd7 13. Nb2 e5 14. dxe5 Nxe5 15. Qb1 Nd7 16. 0-0 Bf6 17. Bg3 0-0 18. Nd3 Nb6 19. Bf3 Nc4 20. Qc1 Re8 21. c3 Bf5 22. Rd1 a5 23. Nc5 Be7 24. Nb3 Bxa3 25. Qa1 Bb2 26. Qa2 Bxc3 27. Nd4 Bd7 28. Nxb5 cxb5 29. Bxd5 Rad8 30. Qc2 Be6 31. Qxc3 Bxd5 32. Bc7 b4 33. Qa1 Rd7 34. Bxa5 Ra8 35. Qa4 Rdd8 36. Qxb4 Nxa5 37. Qb5 Be6 38. Rxd8+ Rxd8 39. Qxa5 Rd1+ 40. Kh2 h5 41. Kg3 Rd5 42. Qa8+ Kh7 43. e4 Rd3+ 44. f3 Rd1 45. Kf4 Rc1 46. Qa3 Rc2 47. g3 Ra2 48. Qc5 Kg7 49. Qg1 Rd2 50. g4 hxg4 51. fxg4 Ra2 52. h5 Ra5 53. Qd4+ f6 54. h6+ Kf7 55. Qb4 g5+ 1-0

[Event "Gran Canaria Cabildo Cup"]
[White "Cabrera Martel, Isaac"]
[Black "Pace, Gabriele"]
[Site "Gran Canaria"]
[Round "5"]
[Result "1-0"]
[Date "2022.04.13"]
[WhiteElo "1498"]
[BlackElo "1709"]
[PlyCount "147"]
[EventDate "2022.04.10"]
[EventType "swiss"]
[EventRounds "7"]
[EventCountry "ESP"]
[SourceTitle "CBM 207 Extra"]
[Source "ChessBase"]
[SourceDate "2022.05.31"]
[SourceVersion "1"]
[SourceVersionDate "2022.05.31"]
[SourceQuality "1"]

1. d4 d5 2. Bf4 c5 3. e3 Nc6 4. c3 Nf6 5. Nd2 Qb6 6. Qb3 c4 7. Qxb6 axb6 8. Ngf3 b5 9. Be2 Bf5 10. Ne5 h6 11. 0-0 e6 12. Rfe1 b4 13. Nb1 Nxe5 14. Bxe5 Ne4 15. f3 bxc3 16. bxc3 Nd6 17. a4 f6 18. Bg3 Be7 19. Nd2 0-0 20. e4 dxe4 21. fxe4 Bg6 22. Bxd6 Bxd6 23. Nxc4 Bf4 24. g3 Bc7 25. Bf3 Ra7 26. Ra2 Rfa8 27. Rea1 Be8 28. e5 fxe5 29. dxe5 Bb5 30. Nd6 Bxd6 31. exd6 Bc4 32. Rb2 Rb8 33. Rb4 b5 34. Rab1 Bd3 35. R1b2 Rd8 36. Rd4 Bf5 37. axb5 Ra1+ 38. Kg2 Rc1 39. c4 e5 40. Bd5+ Kf8 41. Rdd2 Rxd6 42. Re2 Bd3 43. Rxe5 Bxc4 44. Bxc4 Rxc4 45. b6 Rc8 46. b7 Rb8 47. Rc5 Ke7 48. Rc8 Rd8 49. Rxb8 Rxb8 50. Kf3 Kd7 51. Ke4 Ke6 52. Rb6+ Ke7 53. Ke5 Kd7 54. Rg6 Re8+ 55. Kd5 Kc7 56. Rxg7+ Kb8 57. Kd6 Re2 58. h4 h5 59. Re7 Rc2 60. Ke5 Rc5+ 61. Kf6 Rb5 62. Kg6 Rb3 63. Kxh5 Rxg3 64. Kh6 Rh3 65. h5 Rh2 66. Kg6 Rg2+ 67. Kh7 Rg3 68. Rg7 Rh3 69. h6 Rd3 70. Kg6 Rd6+ 71. Kg5 Rd5+ 72. Kf4 Rd4+ 73. Ke5 Rh4 74. h7 1-0